| 000 | 00925nam a2200265 a 4500 | ||
|---|---|---|---|
| 001 | 43577 | ||
| 003 | BD-RjUL | ||
| 005 | 20211209053722.0 | ||
| 008 | 910726s1988 bg a bc 000 0 eng | ||
| 020 | _cTk60.00 ($6.00 U.S.) | ||
| 035 | _a(BD-RjUL)43695 | ||
| 040 |
_aDLC _cDLC _dBD-RjUL _beng |
||
| 041 | _aeng | ||
| 082 |
_223 _a769.5695492 _bRAB 1988 |
||
| 100 | 1 | 0 |
_aRahman, Siddique Mahmudur _9133880 |
| 245 | 1 | 0 |
_aBangladesh stamps and postal history / _c by Siddique Mahmudur Rahman |
| 260 |
_aRajshahi, Bangladesh : _bBangladesh Institute of Philatelic Studies, _cc1988 |
||
| 300 |
_a64 p. : _bill. ; _c23 cm. |
||
| 504 | _aIncludes bibliographical references (p. 31). | ||
| 650 | 0 |
_aPostage stamps _zBangladesh _xCatalogs. _9133881 |
|
| 650 | 0 |
_aPostage stamps _zBangladesh _xHistory. _9133882 |
|
| 710 | 2 |
_aBangladesh Institute of Philatelic Studies. _9133883 |
|
| 942 |
_2ddc _cBK |
||
| 999 |
_c43577 _d43577 |
||